| 000 | 01347nam a2200289 a 4500 | ||
|---|---|---|---|
| 001 | 000002304 | ||
| 003 | DO-SdBNP | ||
| 005 | 20250909115816.0 | ||
| 008 | 090701s1996 dr 000 0 spa d | ||
| 040 |
_aDO-SdBNP _bspa _cBNPHU |
||
| 082 |
_a330.1 _bA779n |
||
| 100 | 1 |
_aArroyo, Evelio _d1958- _97329 |
|
| 245 | 1 | 0 |
_aNeoliberalismo y globalización : _blibre competencia vs. estado social / _cEvelio Arroyo. |
| 260 |
_aSanto Domingo : _bFundación Sociedad y Política, _c1996. |
||
| 300 |
_a202 p. ; _c20 cm. |
||
| 500 | _aIncluye datos biográficos del autor. | ||
| 504 | _aBibliografía : p. 195-197 | ||
| 505 | 0 |
_aIntroducción -- _tPreámbulo -- _t1. Conceptos de liberalismo, neoliberalismo y mercado -- _t2. Liberalismo económico y libre competencia -- _t3. Evolución del liberalismo político -- _t4. El liberalismo en Francia -- _t5. Liberalismo en Estados Unidos -- _t6. Estado social Vs. neoliberalismo -- _t7. Neoliberalismo y democracia -- _t8. Apuntes sobre el proceso de globalización -- _tBibliografía. |
|
| 590 | _aInventariado, 2018/ YL | ||
| 650 | 4 |
_a Relaciones económicas internacionales _91067 |
|
| 650 | 0 |
_aLiberalismo _95271 |
|
| 650 | 4 |
_aGlobalización _91524 |
|
| 650 | 4 |
_aComercio internacional _910367 |
|
| 650 | 4 |
_a Competencia económica _98351 |
|
| 910 | _aValidado. Control de calidad MFF | ||
| 942 |
_2ddc _cLBS1 |
||
| 999 |
_c2149 _d2149 |
||